La inseguridad social: ¿qué es estar protegido?

Bewaard in:
Bibliografische gegevens
Hoofdauteur: Castel, Robert (Auteur)
Formaat: Boek
Taal:Spaans
Gepubliceerd in: Buenos Aires Manantial 2004
Editie:1a. ed
Onderwerpen:
Tags: Voeg label toe
Geen labels, Wees de eerste die dit record labelt!

MARC

LEADER 00000cam a2200000 a 4500
001 UCK3966
003 CL-VaPUC
008 050513e20040000AG |||||||||||||||||spa|d
020 |a 9875000787 
082 0 4 |a 363.1  |b CAS  |2 21 
100 0 |a Castel, Robert  |e author  |9 492371 
245 1 3 |a La inseguridad social: ¿qué es estar protegido? 
250 |a 1a. ed 
300 |a 120 p 
942 |c BK 
945 |d 20050513 00:00:00  |a jcarroza 
260 |a Buenos Aires  |b Manantial  |c 2004 
650 0 |a Seguridad social  |9 255322 
650 0 |a Medidas de seguridad  |9 264085 
650 0 |a Seguridad ciudadana   |9 392290 
583 |a last modification  |c 20140822 08:43:28  |k Rodrigo Vera 
999 |c 313008  |d 313006 
952 |0 0  |1 0  |4 0  |6 363_100000000000000_CAS_2004  |7 0  |8 A  |9 384033  |a BIBGIM  |b BIBGIM  |d 2019-11-22  |i 4173295  |o 363.1 CAS 2004  |p 4173295  |r 2025-01-15  |w 2019-11-22  |y BK  |k SSL 
952 |0 0  |1 0  |3 erb  |4 0  |6 363_100000000000000_CAS_2004  |7 0  |8 A  |9 384034  |a BIBING  |b BIBING  |i 5095670  |o 363.1 CAS 2004  |p 5095670  |r 2025-01-20  |w 2019-11-22  |y BK  |z Catalogado en:20140829  |k GEO